Физиология и биохимия медиаторных процессов. Ч. 1 (Запись № 7471456)

Подробности
000 -МАРКЕР
контрольное поле 01110nam2a22002171 4500
001 - ИДЕНТИФИКАТОР ЗАПИСИ
контрольное поле rc\766700
005 - ИДЕНТИФИКАТОР ВЕРСИИ
контрольное поле 20250622134957.0
035 ## - ДРУГИЕ СИСТЕМНЫЕ НОМЕРА
Идентификатор записи (NLR Aleph) 006323306
100 ## - ДАННЫЕ ОБЩЕЙ ОБРАБОТКИ
Данные общей обработки 20040301d1985 |||y0rusy50 ca
101 0# - ЯЗЫК РЕСУРСА
Язык текста, звукозаписи и т.д. русский
102 ## - СТРАНА ПУБЛИКАЦИИ ИЛИ ПРОИЗВОДСТВА
Страна публикации Российская Федерация
105 ## - ПОЛЕ КОДИРОВАННЫХ ДАННЫХ: ТЕКСТОВЫЕ МАТЕРИАЛЫ, МОНОГРАФИЧЕСКИЕ
Кодированные данные о монографическом текстовом документе y |||||||||
200 0# - ЗАГЛАВИЕ И СВЕДЕНИЯ ОБ ОТВЕТСТВЕННОСТИ
Основное заглавие Ч. 1
215 ## - ФИЗИЧЕСКАЯ ХАРАКТЕРИСТИКА
Специфическое обозначение материала и объем 191 с.
461 #0 - УРОВЕНЬ НАБОРА
Встроенное поле 001rc\766699
-- 2001#$aФизиология и биохимия медиаторных процессов$eТез. докл. IV всесоюз. конф., посвящ. 85-летию со дня рождения чл.-кор. АН СССР Х.С. Коштоянца, Москва, окт. 1985 г.$e[В 2 ч.]$vЧ. 1
Системный номер (АБИС) связанной записи 7471451
Место публикации М.
Дата публикации 1985
Имя издателя, распространителя и т.д. ИБР
Сведения, относящиеся к заглавию Тез. докл. IV всесоюз. конф., посвящ. 85-летию со дня рождения чл.-кор. АН СССР Х.С. Коштоянца, Москва, окт. 1985 г. : [В 2 ч.]
Заглавие Физиология и биохимия медиаторных процессов
Номер тома Ч. 1
801 #0 - ИСТОЧНИК ЗАПИСИ
Страна Российская Федерация
Организация NLR
Правила каталогизации psbo
801 #1 - ИСТОЧНИК ЗАПИСИ
Страна Российская Федерация
Организация ELAR
Источник данных rusmarc
852 ## - МЕСТОНАХОЖДЕНИЕ И ШИФР ХРАНЕНИЯ
Идентификатор организации NLR
Шифр хранения (Call Number) 85-3/14257
942 ## - ДОПОЛНИТЕЛЬНЫЕ ЭЛЕМЕНТЫ ЗАПИСИ (АБИС)
Тип экземпляра АБИС Книга
980 ## - КОЛЛЕКЦИЯ
Название коллекции Национальная библиография
Экземпляры
Тип экземпляра Дата поступления Библиотека постоянного хранения Библиотека текущего хранения Место хранения Шифр хранения Штрих-код Статус экземпляра
Книга 26.10.2013 РНБ (Московский) РНБ (Московский) Русский книжный фонд: издания с 1957 года 85-3/14257 6323306-10